Italien-Quiz - Sudden Death - Statistiken

Allgemein
  • Dieses Quiz wurde 249 mal gespielt
  • Das Durchschnittsergebnis liegt bei 4 aus 10
Answers on the Grid
Answers color-coded by a green-red scale on the quiz's grid according to % correct below.
Dies ist die Flagge Italiens: 🇮🇹
Die italienische Hauptstadt ist Rom
Italien ist Mitglied der Europäischen Union
In Italien leben mehr Männer als Frauen
Italien grenzt an Deutschland
Flächenmäßig ist Italien größer als Deutschland
Italien grenzt an ein Land mit dieser Flagge: 🇸🇮
Das BIP pro Kopf in Italien ist höher als das von Spanien
Italien hat mehr Einwohner als Polen
Das KFZ-Kennzeichen von Italien lautet "IT"
Die Insel Malta gehört zu Italien
Insgesamt liegen drei Länder innerhalb von Italien
In der Hauptstadt Italiens liegt noch eine andere Hauptstadt
Die italienische Insel Sardinien ist größer als Montenegro
Die Küstenlänge Italiens ist länger als die von Mosambik
Die Donau fließt durch Italien
Die Hauptstadt der Toskana ist Pisa
Italien ist in 21 Regionen eingeteilt
Italien ist eine parlamentarische Republik
Italien ist das europäische Land, das Afrika am nächsten liegt
 
Antwortstatistiken
Antwort % Korrekt
Die italienische Hauptstadt ist Rom
60%
Dies ist die Flagge Italiens: 🇮🇹
57%
Italien ist Mitglied der Europäischen Union
57%
In der Hauptstadt Italiens liegt noch eine andere Hauptstadt
55%
Italien hat mehr Einwohner als Polen
42%
Italien grenzt an ein Land mit dieser Flagge: 🇸🇮
36%
Die italienische Insel Sardinien ist größer als Montenegro
34%
Italien ist eine parlamentarische Republik
34%
Die Küstenlänge Italiens ist länger als die von Mosambik
27%
Das BIP pro Kopf in Italien ist höher als das von Spanien
26%
Keine übereinstimmenden Quizze gefunden
Verteilung der Resultate
Anzahl Personen mit jedem Resultat
Perzentil nach korrekt beantworteten Fragen
Ihre Resultats-Entwicklung
Sie haben dieses Quiz noch nicht gespielt